000 00522cam a22002172a 4500
001 001897
003 AR-FADEU
008 311216n1963####xxu####################dd
092 _a823.912
_bC654l
100 _aGarner, Robert
245 _aLord Jim : notes
260 _aToronto
260 _bColes
260 _c1963
300 _a92 p
440 _aColes, notes
_n934
500 _aIncludes selected bibliography
650 _aLITERATURA INGLESA-SIGLO XX; CONRAD, JOSEPH
546 _ainglés
942 _cBDGR
999 _c7734
_d7734